Economía Laboral (Registro nro. 4256)
[ vista simple ]
| 000 -LEADER | |
|---|---|
| fixed length control field | 01741 a2200253 4500 |
| 001 - CONTROL NUMBER | |
| control field | 46957 |
| 005 - DATE AND TIME OF LATEST TRANSACTION | |
| control field | 20260407155739.0 |
| 008 - FIXED-LENGTH DATA ELEMENTS--GENERAL INFORMATION | |
| fixed length control field | 260407a1996 arg spa d |
| 003 - CONTROL NUMBER IDENTIFIER | |
| control field | AR-UNSa-BCEJYS |
| 040 ## - CATALOGING SOURCE | |
| Original cataloging agency | AR-UNSa-BCEJYS |
| Language of cataloging | spa |
| Transcribing agency | AR-UNSa-BCEJYS |
| 080 ## - UNIVERSAL DECIMAL CLASSIFICATION NUMBER | |
| Universal Decimal Classification number | 331.101.26 |
| Common auxiliary subdivision | Economía del trabajo |
| 020 ## - INTERNATIONAL STANDARD BOOK NUMBER | |
| International Standard Book Number | 978-84-481-0790-1 |
| 041 ## - LANGUAGE CODE | |
| Language code of text/sound track or separate title | spa |
| 100 1# - MAIN ENTRY--PERSONAL NAME | |
| Personal name | McConnell, Campbell R. |
| 245 10 - TITLE STATEMENT | |
| Title | Economía Laboral |
| 264 #1 - PRODUCTION, PUBLICATION, DISTRIBUTION, MANUFACTURE, AND COPYRIGHT NOTICE | |
| Place of production, publication, distribution, manufacture | España : |
| Name of producer, publisher, distributor, manufacturer | McGraw-Hill Interamericana |
| Date of production, publication, distribution, manufacture, or copyright notice | 1996 |
| 300 ## - PHYSICAL DESCRIPTION | |
| Extent | 564 p. |
| Dimensions | 24 cm. |
| 505 ## - FORMATTED CONTENTS NOTE | |
| Formatted contents note | 1. La economía laboral : introducción y visión panorámica - 2. La teoría de la oferta de trabajo del individuo - 3. La población, las tasas de actividad y las horas de trabajo - 4. La calidad del trabajo : la inversión en capital humano - 5. La demanda de trabajo - 6. La determinación de los salarios y la asignación del trabajo - 7. Los sistemas de remuneración y la eficiencia del trabajo - 8. La estructura salarial - 9. La movilidad, la migración y la eficiencia - 10. Los sindicatos y la negociación colectiva - 11. El Estado y el mercado de trabajo - 12. Las teorías de la discriminación en el mercado de trabajo - 13. Las mujeres y el mercado de trabajo - 14. Críticas a la teoría ortodoxa de los salarios - 15. La distribución personal de las ganancias - 16. Empleo, paro, productividad, salario e inflación - 17. La determinación del empleo, el paro, los salarios y la inflación - 18. Fuentes de información sobre el mercado de trabajo en España. |
| 590 ## - LOCAL NOTE (RLIN) | |
| Local note | niveau_biblio:m niveau_hierar:0 |
| 700 1# - ADDED ENTRY--PERSONAL NAME | |
| Personal name | Brune, Stanley L. |
| 700 1# - ADDED ENTRY--PERSONAL NAME | |
| Personal name | Rabasco, Esther |
| 856 41 - ELECTRONIC LOCATION AND ACCESS | |
| Uniform Resource Identifier | <a href="https://www.biblioeco.unsa.edu.ar/pmb/images/libros/L127354.jpg">https://www.biblioeco.unsa.edu.ar/pmb/images/libros/L127354.jpg</a> |
| Link text | Imagen de portada |
| Electronic format type | image/jpeg |
| 942 ## - ADDED ENTRY ELEMENTS (KOHA) | |
| Koha item type | |
| Withdrawn status | Lost status | Damaged status | Not for loan | Home library | Current library | Shelving location | Date acquired | Total checkouts | Full call number | Barcode | Date last seen | Price effective from | Koha item type | Public note |
|---|---|---|---|---|---|---|---|---|---|---|---|---|---|---|
| Biblioteca Prof. Eusebio Cleto del Rey | Biblioteca Prof. Eusebio Cleto del Rey | 07/04/2026 | 331.101.26 M478 | L127354 | 07/04/2026 | 07/04/2026 | Libro | |||||||
| Biblioteca Prof. Eusebio Cleto del Rey | Biblioteca Prof. Eusebio Cleto del Rey | 07/04/2026 | 331.101.26 M478 | L128190 | 07/04/2026 | 07/04/2026 | Libro | MANCHAS EN PÁG 2, 14 Y XXIV |